00634 2200229 4500001002100000005001700021008004100038020002200079035002500101040001200126082001200138084002200150100002400172245005000196250001100246260003300257300003700290500003100327650001300358850001200371990002100383INLIS00000000001975320160509084437.0  a978-602-73914-4-4 a0010-051600000000187 aYOPDYOG a004.678 aDEP 004.678 Bam K aBAMBANG EKA PURNAMA aKonsep dasar internetc/ Bambang Eka Purnama. aCet.1. aYogyakartabTeknosainsc2016 axvii, 205 hlm.b: ilus.c; 26 cm aBibliografi : hlm. 203-205 aInternet aYOPDYOG aCB-D.11/2016-121